00975nam a22002297a 450000500170000001000150001702000270003203500130005903700130007208200140008510000240009924501840012325000450030726000420035227001030039430000270049750000270052470000200055194200280057199900170059995201290061620140318130538.0 aENG-109446 c1495.00a9789350351741 aEN-92979 bDBAD/PUB a346.54054 aGopalakrishnan,T.P.00aGopalakrishnan's law of wills :cby T.P. Gopalakrishnanbdealing with wills of all communities including exhaustive case law alongwith model forms of wills and relevant statutes / a8th thoroughly rev ed by Hari Dev Kohli aDelhibUniversal Law Publishingc2012 aC-FF-1A, Dilkhush Industrial Estate, (Near Azadpur Metro Station) G.T. Karnal Road,bDelhie110033 acxciv,1210p.c25cm(Hb) aIncludes subject index aKohli, Hari Dev 2ddccENmGOPh346.54054 c82712d82712 001040718NFICaDBADbDBADd2014-02-25eDBAD/PUBg1495.00l0o346.54054 GOPpEN-92979r2014-02-25 00:00:00t1v1495.00yEN